000 00371nam a2200133Ia 4500
008 151001s9999||||xx |||||||||||||| ||und||
100 _aदुर्गा - भागवत
245 _aदख्खनच्या लोककथा भाग चौथा
250 _a2
260 _bवरदा बुक्स
260 _c1976
300 _a91
365 _b18
999 _c958935
_d958932